000 01216nam a2200385 i 4500
001 1700
003 KOSZ 005
005 20220323112007.0
008 950506s1981 pl f f |000 0 pol
040 _cKOSZ 005
_aKOSZ 005
_dKOSZ 005/HR
041 _apol
046 _k1981
080 _a621.7
080 _a621.9
080 _a678
080 _a(075.8)
100 1 _aBłaszkowski, Krzysztof
_d(1935-1995)
_eAutor
245 0 _aZasady projektowania oprzyrządowania technologicznego /
_cK. Błaszkowski, R. Dembczyński, M. Feld.
260 _aWarszawa :
_bPWN,
_c1981.
300 _a530 s. :
_bil.;
_c24 cm.
380 _aKsiążki
388 _a1901-2000
388 _a1945-1989
504 _aBibliogr. przy częściach.
650 4 _aTworzywa sztuczne
650 4 _aTechnologia chemiczna
650 4 _aMetalurgia
650 4 _aUrządzenia
655 4 _aPodręczniki akademickie
658 _aInżynieria i technika
700 1 _aFeld, Mieczysław
_d(1924-2012)
_eAutor
700 1 _aDembczyński, Roman
_eAutor
856 _uhttp://koha.tu.koszalin.pl/cgi-bin/koha/opac-detail.pl?biblionumber=1700
_yKatalog online BPK
942 _cKS
_2UKD
999 _c1700
_d1700